[Event "BL2-S9192"]
[Site "Germany"]
[Date "1992.??.??"]
[Round "?"]
[White "Dolgener, Tobias"]
[Black "Bosbach, Gerhard"]
[Result "1-0"]
[WhiteElo "2205"]
[BlackElo "2260"]

1.e4 c5 2.Nf3 e6 3.d4 cxd4 4.Nxd4 a6 5.Bd3 Bc5 6.Nb3 Ba7 7.Qe2 Nc6 8.Be3 Bxe3
9.Qxe3 d6 10.Nc3 Nf6 11.f4 Qc7 12.g4 O-O 13.g5 Nd7 14.O-O-O Rd8 15.h4 b5
16.h5 Nf8 17.Rdg1 Bb7 18.g6 fxg6 19.hxg6 Nxg6 20.Qh3 Nf8 21.e5 Qf7 22.Bxh7+ Nxh7
23.Qxh7+ Kf8 24.Qh8+ Qg8 25.Qh5 Ne7 26.Rh2 Nf5 27.Na5 Rab8 28.Nxb7 Rxb7 29.Qg5 Ke8
30.Ne4 Qf8 31.exd6 Nxd6 32.Qg6+ Qf7 33.Rh8+ Kd7 34.Qxf7+ Nxf7 35.Nc5+ Kc6
36.Rxd8 Kxc5 37.Rc8+ Kd5 38.Rxg7 Ke4 39.Rc6 Kf5 40.Rxa6 Kf6 41.Rg1 Kf5 42.Re1 Kxf4
43.Raxe6 Ng5 44.Rf6+ Kg4 45.Rg1+ Kh5 46.Rf5  1-0

[Event "BL2-S9192"]
[Site "Germany"]
[Date "1992.??.??"]
[Round "?"]
[White "Beikert, Guenther"]
[Black "Vatter, Hans Joachim"]
[Result "1/2-1/2"]
[WhiteElo "2350"]
[BlackElo "2280"]

1.e4 c5 2.Nf3 e6 3.d4 cxd4 4.Nxd4 a6 5.Bd3 Nf6 6.O-O d6 7.Kh1 Be7 8.f4 Qc7
9.Qe2 Nbd7 10.c3 O-O 11.Nd2 Re8 12.N2f3 Nc5 13.Bc2 e5 14.fxe5 dxe5 15.Nf5 Bxf5
16.exf5 Bd6 17.g3 h6 18.Be3 Qc6 19.Rad1 Rad8 20.Rd2 Nce4 21.Rdd1 Bc7 22.Kg2 Ng5
23.Bc1 Nxf3 24.Qxf3 e4 25.Qe2 Bb6 26.Rxd8 Rxd8 27.Re1 Re8 28.Bb3 Re5 29.Rf1 e3+
30.Qf3 e2 31.Re1 Rxf5 32.Qxc6 Rf2+ 33.Kh3 bxc6 34.Bc4 g5 35.Bxe2 Kg7 36.Bd1 Kg6
37.g4 h5 38.gxh5+ Nxh5 39.Rg1 Bd8 40.Rg2 Nf4+ 41.Bxf4 Rxf4 42.Rd2 Bc7 43.Kg2 g4
44.Rd7 Bb6 45.Kg3 Kg5 46.h4+ gxh3 47.Kxh3 Rf2 48.Kg3 f5 49.Rg7+ Kf6 50.Rh7 Rxb2
51.Rh6+ Kg5 52.Rxc6 Bf2+ 53.Kf3 Rxa2 54.Be2 Be1 55.Rxa6 Rc2 56.Rc6  1/2-1/2

[Event "BL2-N9192"]
[Site "Germany"]
[Date "1992.??.??"]
[Round "?"]
[White "Tomczak, Rainer"]
[Black "Sax, Gyula"]
[Result "0-1"]
[WhiteElo "2340"]
[BlackElo "2600"]

1.e4 c5 2.Nf3 e6 3.d4 cxd4 4.Nxd4 a6 5.Bd3 g6 6.O-O Bg7 7.c3 Nc6 8.Nxc6 bxc6
9.Na3 Ne7 10.Bf4 d5 11.Qd2 O-O 12.Rad1 e5 13.Bg5 Be6 14.exd5 cxd5 15.Bc2 f6
16.Be3 Qc7 17.Bb3 Rfd8 18.Qe2 Nf5 19.Bc1 Qb6 20.Rfe1 Kh8 21.Nc2 a5 22.Ba4 Rab8
23.Ne3 Ne7 24.Nc2 Bd7 25.Bxd7 Rxd7 26.Qg4 Qc6 27.Qf3 Qc4 28.b3 Qc7 29.Ba3 d4
30.Qd3 Rc8 31.c4 Nc6 32.Ne3 e4 33.Qd2 Bh6 34.Re2 dxe3 35.Qxd7 Rd8 36.Qxd8+ Nxd8
37.fxe3 Nc6 38.Bd6 Qb6 39.c5 Qb5 40.Kf2 Nb4 41.Rd4 Nd3+ 42.Kg3 Nc1  0-1

[Event "BL2-O9192"]
[Site "Germany"]
[Date "1992.??.??"]
[Round "?"]
[White "Renner, Christoph"]
[Black "Boehlig, Heinz"]
[Result "0-1"]
[WhiteElo "2385"]
[BlackElo "2315"]

1.e4 c5 2.Nf3 e6 3.d4 cxd4 4.Nxd4 a6 5.Bd3 Bc5 6.Nb3 Ba7 7.O-O Nc6 8.Nc3 Nf6
9.Kh1 d6 10.f4 h5 11.Qe2 Ng4 12.Qe1 b5 13.a4 b4 14.Nd1 a5 15.Be3 Qc7 16.Bxa7 Qxa7
17.h3 Bd7 18.Qh4 Rh6 19.Nd2 Rc8 20.Nc4 Qd4 21.Qg3 e5 22.c3 Qc5 23.Nde3 h4
24.Qf3 Nxe3 25.Nxe3 bxc3 26.bxc3 exf4 27.Qxf4 Ne5 28.Nd5 Be6 29.Ba6 Ra8 30.Bb7 Rb8
31.Rab1 Kf8 32.Qg5 Kg8 33.Qd2 Kh7 34.Rfc1 Qa7 35.Qb2 Nd3 36.Qb5 Nxc1 37.Ne7 Qe3  0-1

[Event "Goch op"]
[Site "Goch"]
[Date "1992.??.??"]
[Round "3"]
[White "Anka, Emil"]
[Black "Link, Michael"]
[Result "1/2-1/2"]
[WhiteElo "2370"]
[BlackElo "2125"]

1.e4 c5 2.Nf3 e6 3.d4 cxd4 4.Nxd4 a6 5.Bd3 Nf6 6.O-O Qc7 7.Qe2 d6 8.b3 Be7
9.Bb2 O-O 10.c4 Re8 11.f4 Nbd7 12.Nd2 g6 13.N4f3 b6 14.e5 Nh5 15.g3 Bb7 16.Be4 d5
17.cxd5 exd5 18.Bd3 Nc5 19.Rac1 Qd7 20.Bb1 Qg4 21.Nd4 Qxe2 22.Nxe2 Ng7 23.Nd4 Nge6
24.N2f3 Rec8 25.f5 Ng5 26.f6 Nxf3+ 27.Rxf3 Bf8 28.e6 Nxe6 29.Nxe6 Rxc1+ 30.Bxc1 fxe6
31.f7+ Kg7 32.Bb2+ Kh6 33.Bc1+ Kg7 34.Bb2+ Kh6 35.Bc1+  1/2-1/2

[Event "Goch op"]
[Site "Goch"]
[Date "1992.??.??"]
[Round "5"]
[White "Link, Michael"]
[Black "Podzielny, Karl Heinz"]
[Result "1-0"]
[WhiteElo "2130"]
[BlackElo "2435"]

1.e4 c5 2.Nf3 e6 3.d4 cxd4 4.Nxd4 a6 5.Bd3 Nf6 6.O-O Qc7 7.Qe2 d6 8.c4 Nbd7
9.f4 Be7 10.Nc3 h5 11.h3 h4 12.Qf2 b6 13.Re1 Bb7 14.Bd2 g6 15.Rac1 Rc8 16.b3 Qb8
17.Bb1 Rc5 18.Nf3 Qc7 19.Bd3 Qb8 20.b4 Rc8 21.a3 Qa8 22.e5 dxe5 23.fxe5 Nh5
24.Ng5 O-O 25.Qxh4 Bxg2 26.Qg4 Bxg5 27.Qxg5 Bxh3 28.Re3 Qg2+ 29.Qxg2 Bxg2
30.Kxg2 Nf4+ 31.Kg3 Nxd3 32.Rxd3 Nxe5 33.Rd4 Nxc4 34.Bg5 e5 35.Bf6 Rc6 36.Nd5 Rfc8
37.Rh4  1-0

[Event "Goch op"]
[Site "Goch"]
[Date "1992.??.??"]
[Round "6"]
[White "Meyers, Viesturs"]
[Black "Link, Michael"]
[Result "1-0"]
[WhiteElo "2375"]
[BlackElo "2125"]

1.e4 c5 2.Nf3 e6 3.d4 cxd4 4.Nxd4 a6 5.Bd3 Nf6 6.O-O Qc7 7.Bg5 Be7 8.c3 Nc6
9.Re1 Ne5 10.Bc2 Neg4 11.g3 d6 12.h3 h6 13.Bc1 Ne5 14.a4 O-O 15.Nd2 Rd8 16.Qe2 Nc6
17.N4f3 e5 18.Kg2 Be6 19.Bb3 Rac8 20.Bxe6 fxe6 21.b3 Nb8 22.Bb2 Nbd7 23.a5 Re8
24.c4 Rb8 25.Rec1 b6 26.axb6 Qxb6 27.Bc3 Qb7 28.Re1 Rbc8 29.Qd3 Nc5 30.Qc2 d5
31.Nxe5 Nfxe4 32.Nxe4 Nxe4 33.Bd4 Bf6 34.f3 Nd6 35.c5 Nf5 36.Bf2 d4 37.Nd3 e5
38.Qc4+ Kh8 39.Rxa6 Qb8 40.b4 Bg5 41.Re6 Be3 42.Nxe5 Qxe5 43.Rxe5 Rxe5  1-0

[Event "Goteborg op"]
[Site "Goteborg"]
[Date "1992.??.??"]
[Round "6"]
[White "Ernst, Thomas"]
[Black "Lind, Jan Olov"]
[Result "1-0"]
[WhiteElo "2540"]
[BlackElo "2295"]

1.e4 c5 2.Nf3 e6 3.d4 cxd4 4.Nxd4 a6 5.Bd3 Nc6 6.Nxc6 dxc6 7.Nd2 Bd6 8.Nc4 Bc7
9.Qg4 Nf6 10.Qxg7 Rg8 11.Qh6 Rg6 12.Qh4 Rg4 13.Qh3 e5 14.Qf3 Be6 15.h3 Rg6
16.Be3 Qe7 17.Nd2 O-O-O 18.Nb3 h5 19.O-O-O h4 20.Bc5 Qe8 21.g3 hxg3 22.fxg3 Nd7
23.Bf2 Qe7 24.Qe2 a5 25.Bc4 a4 26.Nd2 a3 27.Bxe6 axb2+ 28.Kxb2 Rxe6 29.Nb3 Bd6
30.Qc4 Ba3+ 31.Kb1 b5 32.Qe2 Nc5 33.Rxd8+ Kxd8 34.Rd1+ Kc8 35.Bxc5 Bxc5 36.Nxc5 Qxc5
37.Qd2 Qe7 38.Qa5 Rd6 39.Qa8+ Kd7 40.Qb7+ Ke6 41.Qxe7+ Kxe7 42.Rxd6 Kxd6
43.Kb2 Ke6 44.Kb3 f5 45.Kc3 f4 46.Kd3 fxg3 47.Ke3 Kf6 48.Kf3 b4 49.Kxg3 Kg5
50.h4+ Kh5 51.Kh3 c5 52.Kg3 c4 53.Kh3 c3 54.Kg3 Kg6 55.Kg4 Kf6 56.h5 Ke6
57.h6 Kf6 58.Kh5 Kf7 59.Kg5 Kg8 60.Kf5 Kh7 61.Kxe5 Kxh6 62.Kd4 Kg5 63.Kc4 Kf4
64.Kxb4  1-0

[Event "Ikaria op"]
[Site "GRE"]
[Date "1992.??.??"]
[Round "?"]
[White "Kalesis, Nikolaos"]
[Black "Velikov, Petar"]
[Result "1/2-1/2"]
[WhiteElo "2315"]
[BlackElo "2445"]

1.e4 c5 2.Nf3 e6 3.d4 cxd4 4.Nxd4 a6 5.Bd3 Nf6 6.O-O Qc7 7.Qe2 d6 8.c4 Nbd7
9.f4 Be7 10.Kh1 b6 11.b3 Bb7 12.Nd2 O-O 13.Bb2 g6 14.Rae1 e5 15.N4f3 Nh5
16.f5 Nf4 17.Qe3 Qc5 18.Bd4 Qc7 19.Bb1 Nxg2 20.Kxg2 exd4 21.Nxd4 Bf6 22.Ne2 Rae8
23.Nf4 Qd8 24.Qh3 Bg5 25.Kh1 Re5 26.Rf3 Rfe8 27.Rg1 Nc5 28.fxg6 hxg6 29.Nd5 Bxd5
30.exd5 Qe7 31.Rfg3 Re1 32.Nf3 Rxg1+ 33.Rxg1 Bf6 34.b4 Ne4 35.Bxe4 Qxe4 36.Re1 Qxe1+
37.Nxe1 Rxe1+ 38.Kg2 Re2+ 39.Kf3 Rxa2 40.Qd7 Ra3+ 41.Ke2 Ra2+ 42.Kf3 Ra3+
43.Ke2 Ra2+ 44.Kd1 Ra1+ 45.Kc2 Ra2+ 46.Kc1 Ra1+ 47.Kc2 Ra2+ 48.Kb3 Rb2+ 49.Ka3 Bc3
50.Qd8+ Kg7 51.Qxb6 Rxb4 52.Qxa6 Kg8 53.Qxd6 Rxc4 54.Kb3 Rc8 55.Qa6 Rc5 56.d6 Kg7
57.d7 Ba5 58.Qxa5 Rxa5 59.d8=Q Rh5 60.Qd6 Rf5 61.Kc3 Rh5 62.Kd3 Rf5 63.Ke4 Kg8  1/2-1/2

[Event "Groningen"]
[Site "Groningen"]
[Date "1992.??.??"]
[Round "6"]
[White "Klovans, Janis"]
[Black "Hansen, Curt"]
[Result "0-1"]
[WhiteElo "2470"]
[BlackElo "2635"]

1.e4 c5 2.Nf3 e6 3.d4 cxd4 4.Nxd4 a6 5.Bd3 Nf6 6.O-O Qc7 7.Nc3 Bc5 8.Nb3 Ba7
9.Qe2 d6 10.Be3 Bxe3 11.Qxe3 b5 12.Ne2 O-O 13.Rac1 Nbd7 14.c4 bxc4 15.Rxc4 Qb8
16.Bb1 a5 17.Qd2 Ba6 18.Rc3 e5 19.Rd1 a4 20.Nbc1 Nc5 21.Ng3 Rd8 22.Nce2 Qb6
23.Rcc1 Rab8 24.Nc3 Qxb2 25.Qg5 Ne6 26.Qe3 a3 27.Nf5 Qb6 28.Qg3 g6 29.Qh4 Nh5
30.Nd5 Qb2 31.g4 Be2 32.gxh5 gxf5 33.exf5 Bxd1 34.Rxd1 Qe2 35.Rc1 Qd2 36.fxe6  0-1

[Event "Groningen op"]
[Site "Groningen"]
[Date "1992.??.??"]
[Round "7"]
[White "Saltaev, Mihail"]
[Black "Schiffer, Kai Uwe"]
[Result "1-0"]
[WhiteElo "2465"]
[BlackElo "2290"]

1.e4 c5 2.Nf3 e6 3.d4 cxd4 4.Nxd4 a6 5.Bd3 Qc7 6.Nc3 Bc5 7.Nb3 Be7 8.O-O d6
9.Be3 Nf6 10.f4 Nbd7 11.Qf3 b6 12.Rae1 Bb7 13.Bd4 O-O-O 14.Qe2 e5 15.Bf2 Nb8
16.Na4 Nfd7 17.Qg4  1-0

[Event "Guarapuava op"]
[Site "Guarapuava"]
[Date "1992.??.??"]
[Round "?"]
[White "Pereira, Silvio C"]
[Black "Zapata, Alonso"]
[Result "0-1"]
[WhiteElo "2285"]
[BlackElo "2530"]

1.e4 c5 2.Nf3 e6 3.d4 cxd4 4.Nxd4 a6 5.Bd3 Nf6 6.Nc3 d6 7.O-O Be7 8.a4 O-O
9.Kh1 Nc6 10.Be3 e5 11.Nde2 Be6 12.f4 exf4 13.Nxf4 Ne5 14.Bd4 Rc8 15.b3 Re8
16.a5 Bf8 17.Na4 Nfd7 18.Nd5 Bxd5 19.exd5 g6 20.Qd2 Bg7 21.Be2 Qh4 22.Bf2 Bh6
23.Qd1 Qg5 24.Nb6 Nxb6 25.Bxb6 Nd7 26.Bd4 Bg7 27.Bxg7 Kxg7 28.c4 Re3 29.Bg4 f5
30.Bf3 Nc5 31.Qd4+ Kg8 32.h4 Qe7 33.Bd1 Re4 34.Qd2 Rxh4+  0-1

[Event "Guarapuava op"]
[Site "Guarapuava"]
[Date "1992.??.??"]
[Round "?"]
[White "Hernandez, Gilberto"]
[Black "Zapata, Alonso"]
[Result "0-1"]
[WhiteElo "2480"]
[BlackElo "2530"]

1.e4 c5 2.Nf3 e6 3.d4 cxd4 4.Nxd4 a6 5.Bd3 Nf6 6.O-O Qc7 7.Qe2 d6 8.c4 Be7
9.Nc3 O-O 10.b3 b5 11.Bb2 b4 12.Nb1 Nbd7 13.Nd2 Nc5 14.Bc2 g6 15.f4 e5 16.fxe5 dxe5
17.N4f3 Nfd7 18.a3 Ne6 19.axb4 Bxb4 20.Nb1 Nf4 21.Qd1 Re8 22.Nc3 Nf6 23.g3 Nh3+
24.Kg2 Bg4 25.Qd3 Rad8 26.Nd5 Nxd5 27.cxd5 a5 28.Rac1 Qd6 29.Bb1 Bd7 30.Qe3 f6
31.Bd3 Rc8 32.Qa7 Ra8 33.Qc7 Qe7 34.d6 Bxd6 35.Bc4+ Kg7 36.Qb7 Nf4+ 37.Kg1 Reb8
38.Qxb8 Rxb8 39.gxf4 exf4 40.Rcd1 Bc6 41.Rfe1 Kh6 42.Bd5 Bxd5 43.exd5 Qb7
44.Bxf6 Qxb3 45.Rf1 Rf8 46.Ba1 Qc2 47.Rd2 Qe4 48.Kg2 Rf5 49.Re1 Qc4 50.Red1 Bb4
51.Rd3 Rxd5  0-1

[Event "Gyor opJ"]
[Site "Gyor"]
[Date "1992.??.??"]
[Round "?"]
[White "Korpics, Zsolt"]
[Black "Fancsy, Imre"]
[Result "0-1"]
[WhiteElo "2325"]
[BlackElo "2335"]

1.e4 c5 2.Nf3 e6 3.d4 cxd4 4.Nxd4 a6 5.Bd3 Qc7 6.c4 Nf6 7.O-O g6 8.Qe2 d6
9.Nc3 Bg7 10.Be3 Nbd7 11.Rad1 b6 12.f4 O-O 13.Kh1 Bb7 14.Bg1 e5 15.fxe5 Nxe5
16.Nf3 Nfd7 17.Nxe5 Nxe5 18.Bd4 Rac8 19.b3 Nd7 20.Bxg7 Kxg7 21.Nd5 Bxd5 22.cxd5 a5
23.Bb5 Ne5 24.Ba6 Ra8 25.Rc1 Qa7 26.Bb5 Rac8 27.Qf2 Kg8 28.Qf6 Qb8 29.a4 Rc7
30.Bc6 Qd8 31.h3 Qxf6 32.Rxf6 Rd8 33.Rcf1 Kf8 34.Re6 Kg7 35.Ref6 Kf8 36.Kh2 Ke7
37.Kg1 Rf8 38.Kh2 Rh8 39.Kg1 h5 40.Kh2 Rf8 41.Kg1 Rh8 42.Kh1 Rh7 43.Kg1 Rg7
44.Kh1 Rg8 45.Kg1 Rb8 46.Kh1 Rd8 47.Kg1 Rh8 48.Kh1 Rb8 49.Kh2 Rg8 50.Kh1 Rcc8
51.Kg1 Rgd8 52.Kh1 Rf8 53.Kg1 Rh8 54.Kh1 Rh7 55.Kg1 Rh6 56.Kh1 Rh7 57.Kg1 Rg7
58.Kh1 Rgg8 59.Kg1 Rh8 60.Kh1 Rhf8 61.Kg1 h4 62.Kh1 g5 63.R6f5 Rg8 64.g4 hxg3
65.Kg2 Rg7 66.Rc1 Nd3 67.Rc4 f6 68.Bb5 Rxc4 69.Bxc4 Nf4+ 70.Kxg3 Rh7 71.Rxf4 gxf4+
72.Kxf4 Rxh3 73.Kf5 Rg3 74.Kf4 Rg5 75.Be2 Rg2 76.Bc4 Kf7 77.Kf3 Rg1 78.Kf4 Kg6
79.Bb5 Rb1 80.Bc4 Re1 81.Bb5 Rb1 82.Bc4 Rh1 83.Be2 Rh2 84.Bc4 Rh4+ 85.Kg3 Kg5
86.Bd3 Rf4 87.Kg2 f5 88.exf5 Rxf5 89.Be4 Rf4 90.Bd3 Kf6 91.Kg3 Ke5 92.Bc4 Rxc4
93.bxc4 Kd4 94.Kf4 Kxc4 95.Ke4 Kc5 96.Ke3 Kxd5 97.Kd3 Kc5 98.Kc3 d5 99.Kd3 d4  0-1

[Event "Gyor opJ"]
[Site "Gyor"]
[Date "1992.??.??"]
[Round "?"]
[White "Jusic, Zdenko"]
[Black "Izsak, Gyula"]
[Result "0-1"]
[WhiteElo "2305"]
[BlackElo "2360"]

1.e4 c5 2.Nf3 e6 3.d4 cxd4 4.Nxd4 a6 5.Bd3 Nc6 6.Nxc6 bxc6 7.O-O d5 8.Nd2 Nf6
9.c4 Be7 10.Qc2 h6 11.b3 O-O 12.Bb2 Bb7 13.Rad1 Rc8 14.Qc3 Re8 15.Bb1 Qc7
16.Qc2 g6 17.Rfe1 Ng4 18.e5 h5 19.c5 Qa5 20.Rc1 Bg5 21.Rcd1 Be7 22.Bd4 Nh6
23.f4 Qb4 24.Nf3 Nf5 25.Bf2 Qxf4 26.Nd4 Qh6 27.Rd3 a5 28.Rh3 Qf8 29.Kh1 Bxc5
30.Nxe6 Rxe6 31.Bxc5 Qg7 32.Qc3 Nh6 33.Rhe3 Ng4 34.R3e2 Ba6 35.Bd3 Bxd3 36.Qxd3 Nxe5
37.Qd2 Rce8 38.Bd4 f6 39.Qxa5 Qd7 40.Qc3 Qd6 41.Bc5 Qc7 42.Qg3 Kg7 43.h3 Qb8
44.b4 Qb5 45.Re3 Qa6 46.Ra3 Nf3 47.Rxf3 Rxe1+ 48.Kh2 Qc8 49.Bd4 R1e6 50.h4 Rf8
51.Qg5 Qc7+ 52.Rg3 Qf7 53.Rf3 Kh7 54.Qg3 Qg7 55.a4 Re4 56.Bc5 Rfe8 57.a5 Rg4
58.Qf2 Qc7+ 59.Kh3 Qc8 60.Kh2 Qc7+ 61.Kg1 Rge4 62.Qb2 Re1+ 63.Rf1 Qe5 64.Qd2 Qa1
65.Rxe1 Rxe1+ 66.Kf2 Rf1+ 67.Ke2 Rh1 68.Bf2 Qe5+ 69.Kd3 Ra1 70.Bd4 Qe4+ 71.Kc3 Ra3+
72.Kb2  0-1

[Event "Hafnarfirdi"]
[Site "Hafnarfirdi"]
[Date "1992.??.??"]
[Round "6"]
[White "Arnason, Jon L"]
[Black "Motwani, Paul"]
[Result "1-0"]
[WhiteElo "2515"]
[BlackElo "2455"]

1.e4 c5 2.Nf3 e6 3.d4 cxd4 4.Nxd4 a6 5.Bd3 Bc5 6.Nb3 Ba7 7.Qe2 Nc6 8.Be3 Nf6
9.Nc3 d6 10.O-O-O b5 11.Bxa7 Rxa7 12.g4 O-O 13.f4 b4 14.Na4 Ne7 15.g5 Ne8
16.Qf2 Qc7 17.Nb6 a5 18.Nxc8 Nxc8 19.Nd4 Qb6 20.Rhf1 Rc7 21.Kb1 a4 22.f5 e5
23.Nb5 Rc5 24.c4 d5 25.exd5 Ncd6 26.Nxd6 Nxd6 27.f6 e4 28.fxg7 Rb8 29.Bxe4 b3
30.Rd3 Rxc4 31.Bxh7+ Kxg7 32.Qf6+ Kf8 33.g6 Rg4 34.Re1 Ne4  1-0

[Event "Hamburg-ch"]
[Site "Hamburg"]
[Date "1992.??.??"]
[Round "5"]
[White "Jacoby, Florian"]
[Black "Dankert, Peter"]
[Result "1/2-1/2"]
[WhiteElo "2220"]
[BlackElo "2265"]

1.e4 c5 2.Nf3 e6 3.d4 cxd4 4.Nxd4 a6 5.Bd3 Nf6 6.Nc3 Bc5 7.Nb3 Ba7 8.Qe2 d6
9.Be3 Bxe3 10.Qxe3 Nc6 11.f4 Qc7 12.g4 b5 13.g5 Nd7 14.O-O-O b4 15.Ne2 e5
16.f5 Bb7 17.Kb1 O-O-O 18.c3  1/2-1/2

[Event "Havana op"]
[Site "Havana"]
[Date "1992.??.??"]
[Round "?"]
[White "Pupo, Emilio"]
[Black "Montiel, Pedro"]
[Result "1-0"]
[WhiteElo "2395"]
[BlackElo "2280"]

1.e4 c5 2.Nf3 e6 3.d4 cxd4 4.Nxd4 a6 5.Bd3 Nf6 6.O-O d6 7.Nc3 Be7 8.Kh1 b5
9.a3 Bb7 10.f4 Nbd7 11.b4 O-O 12.Qe1 Qc7 13.Nf3 Rac8 14.Bd2 Ne8 15.a4 Bf6
16.Ra3 bxa4 17.Nxa4 g6 18.Qg3 Bg7 19.Ng5 Nef6 20.Nc3 Rfe8 21.b5 a5 22.f5 exf5
23.exf5 Qc5 24.Rb3 Qd4 25.fxg6 fxg6 26.b6 Nc5 27.Nb5 Nh5 28.Qh3 Qe5 29.Nf7 Qe6
30.Qxe6 Rxe6 31.Nfxd6 Nxb3 32.cxb3 Re7 33.Nxc8 Bxc8 34.Nd6 Bb7 35.Be1 Rxe1
36.Rxe1 Nf4 37.Bc4+ Bd5 38.b7  1-0

[Event "Helsinki-ch"]
[Site "Helsinki"]
[Date "1992.??.??"]
[Round "?"]
[White "Pulkkinen, Kari"]
[Black "Kivisto, Mikko"]
[Result "1-0"]
[WhiteElo "2240"]
[BlackElo "2270"]

1.e4 c5 2.Nf3 e6 3.d4 cxd4 4.Nxd4 a6 5.Bd3 Nf6 6.O-O d6 7.c4 Bd7 8.Nc3 Nc6
9.Nxc6 Bxc6 10.Qe2 Be7 11.b3 O-O 12.Bb2 Qb8 13.f4 g6 14.Nd5 exd5 15.exd5 Qa7+
16.Kh1 Rae8 17.dxc6 Bd8 18.Qd2 bxc6 19.Rae1 Ng4 20.h3 Rxe1 21.Qxe1 Bf6 22.Bc1 Nh6
23.f5 Nxf5 24.Bxf5 gxf5 25.Bh6 Rd8 26.Rxf5 Qd4 27.Qf1 Be7 28.Rf4  1-0

[Event "Hengelo op-A"]
[Site "Hengelo"]
[Date "1992.??.??"]
[Round "1"]
[White "Aagaard, Jacob"]
[Black "Benschop, Anne Marie"]
[Result "1-0"]
[WhiteElo "2285"]
[BlackElo "2200"]

1.e4 c5 2.Nf3 e6 3.d4 cxd4 4.Nxd4 a6 5.Bd3 Qc7 6.Nc3 Nf6 7.f4 Bc5 8.Nb3 d6
9.Nxc5 Qxc5 10.Qf3 Nc6 11.Be3 Nd4 12.Qg3 Nh5 13.Qf2 e5 14.fxe5 dxe5 15.Nd5 Qd6
16.Bxd4 exd4 17.O-O O-O 18.Qh4 Qe5 19.g4 Nf6 20.Rxf6 gxf6 21.Nxf6+  1-0

[Event "Hradec Kralove op"]
[Site "Hradec Kralove"]
[Date "1992.??.??"]
[Round "9"]
[White "Medunova, Vera"]
[Black "Jurkovic, Hrvoje"]
[Result "0-1"]
[WhiteElo "2120"]
[BlackElo "2255"]

1.e4 c5 2.Nf3 e6 3.d4 cxd4 4.Nxd4 a6 5.Bd3 Nc6 6.Nxc6 dxc6 7.O-O e5 8.Be3 Nf6
9.h3 Bd6 10.c4 Qe7 11.Qe2 Be6 12.Nc3 O-O 13.Rac1 Nd7 14.Rfd1 f6 15.Bb1 Bc5
16.Na4 Bxe3 17.Qxe3 Rfd8 18.b3 Rac8 19.Kh2 Nf8 20.Qc5 Qc7 21.Qb6 Rxd1 22.Rxd1 Bd7
23.Qxc7 Rxc7 24.b4 Ne6 25.c5 Nd4 26.Nb6 Be6 27.Rd2 Kf7 28.Kg3 Re7 29.f3 Re8
30.Bd3 Rd8 31.Bc4 Bxc4 32.Nxc4 Ke6 33.Kf2 g6 34.Ke3 Rd7 35.g3 g5 36.f4 gxf4+
37.gxf4 Rg7 38.fxe5 fxe5 39.Kf2 h5 40.Nd6 h4 41.Rd3 Rd7 42.Re3 b6 43.Ra3 bxc5
44.bxc5 Ra7 45.Ra4 Ra8 46.Ke3 Rg8 47.Rxa6 Rg3+ 48.Kf2 Rxh3 49.Ra8 Rc3 50.Re8+ Kf6
51.Rh8 Rc2+ 52.Kf1 Kg5 53.Rg8+ Kf4 54.Rf8+ Ke3 55.Rh8 Rf2+ 56.Ke1 Rh2 57.Kf1 h3
58.Nc4+ Kf4 59.Rf8+ Kxe4  0-1

[Event "HUN-ch (Women)"]
[Site "?"]
[Date "1992.??.??"]
[Round "5"]
[White "Albert, Kornelia"]
[Black "Porubszky Angyalosine, Maria A"]
[Result "0-1"]
[WhiteElo "2110"]
[BlackElo "2230"]

1.e4 c5 2.Nf3 e6 3.d4 cxd4 4.Nxd4 a6 5.Bd3 Nc6 6.Be3 Nf6 7.Nc3 Qc7 8.O-O d6
9.Qe2 Be7 10.f4 O-O 11.Rae1 Nxd4 12.Bxd4 e5 13.Be3 b5 14.a3 Bg4 15.Qd2 Be6
16.f5 Bc4 17.Bxc4 Qxc4 18.Bg5 b4 19.axb4 Qxb4 20.Qd3 Rfc8 21.Bxf6 Bxf6 22.Nd5 Qxb2
23.c3 Qa3 24.Qg3 Kf8 25.Qh3 Qc5+ 26.Kh1 h6 27.Rb1 Rab8 28.Rxb8 Rxb8 29.Nxf6 gxf6
30.Qxh6+ Ke7 31.Qd2 a5 32.h3 a4 33.Qa2 a3 34.Ra1 Rb2 35.Qxa3 Rb1+ 36.Kh2 Qg1+
37.Kg3 Qe1+  0-1

[Event "HUN-ch (Women)"]
[Site "?"]
[Date "1992.??.??"]
[Round "10"]
[White "Grabics, Monika"]
[Black "Kiss, Fernanda"]
[Result "1-0"]
[WhiteElo "2145"]
[BlackElo "2080"]

1.e4 c5 2.Nf3 e6 3.d4 cxd4 4.Nxd4 a6 5.Bd3 b5 6.O-O Bb7 7.Be3 d6 8.a4 bxa4
9.Nc3 Nf6 10.f4 Nbd7 11.Qf3 a3 12.g4 Rc8 13.Nce2 axb2 14.Rab1 Nc5 15.Ng3 h5
16.gxh5 Qa5 17.Rxb2 Ba8 18.f5 e5 19.Nb3 Qc3 20.Rfb1 Nxd3 21.cxd3 Qxd3 22.Nd2 Be7
23.Rb3 Qc2 24.R3b2 Qd3 25.Rb3 Qc2 26.Qf1 d5 27.Qxa6 O-O 28.h6 Bc5 29.hxg7 Kxg7
30.Bxc5 Qxc5+ 31.Kf1 dxe4 32.Qe2 Bd5 33.Nh5+ Nxh5 34.Qg4+ Kf6 35.Qh4+ Kg7
36.Qg5+ Kh7 37.Qxh5+ Kg7 38.Qg5+  1-0

[Event "HUN-chT"]
[Site "HUN"]
[Date "1992.??.??"]
[Round "?"]
[White "Anka, Emil"]
[Black "Fusthy, Zsolt"]
[Result "1-0"]
[WhiteElo "2330"]
[BlackElo "2285"]

1.e4 c5 2.Nf3 e6 3.d4 cxd4 4.Nxd4 a6 5.Bd3 Nf6 6.O-O Qc7 7.Qe2 d6 8.c4 b6
9.b3 Bb7 10.Bb2 Nbd7 11.Nd2 Nc5 12.Bc2 Be7 13.f4 h5 14.e5 Ng4 15.h3 dxe5
16.fxe5 Nxe5 17.Nxe6 Nxe6 18.Bxe5 Qc5+ 19.Kh1 O-O-O 20.Rxf7 Rxd2 21.Qxd2 Qxe5
22.Re1 Qg3 23.Rxe7 Rd8 24.Qe2 Nd4 25.Qf1 Qxh3+ 26.Kg1 Bxg2 27.Qf4 Ne2+ 28.R7xe2  1-0

[Event "HUN-chT"]
[Site "HUN"]
[Date "1992.??.??"]
[Round "?"]
[White "Pogats, Jozsef"]
[Black "Waldmann, Ivan"]
[Result "1/2-1/2"]
[WhiteElo "2290"]
[BlackElo "2320"]

1.e4 c5 2.Nf3 e6 3.d4 cxd4 4.Nxd4 a6 5.Bd3 d6 6.O-O Nf6 7.c4 Be7 8.Nc3 O-O
9.Be3 Qc7 10.Rc1 Nbd7 11.f3 b6 12.Re1 Bb7 13.Bf1 Rfe8 14.Qd2 Rac8 15.Kh1 Qb8
16.Bg1 Bf8 17.Nc2 g6 18.Rcd1 Qc7 19.Ne3 Bc6  1/2-1/2

[Event "HUN-chT"]
[Site "HUN"]
[Date "1992.??.??"]
[Round "?"]
[White "Presznyak, Istvan"]
[Black "Polgar, Istvan"]
[Result "1/2-1/2"]
[WhiteElo "2305"]
[BlackElo "2435"]

1.e4 c5 2.Nf3 e6 3.d4 cxd4 4.Nxd4 a6 5.Bd3 Nf6 6.O-O Qc7 7.c4 Nc6 8.Be3 Ne5
9.f3 d5 10.cxd5 exd5 11.Nc3 dxe4 12.Nxe4 Be7 13.Rc1 Qd8 14.Nxf6+ Bxf6 15.Be4 O-O
16.Qd2 Re8 17.Rfd1 Qe7 18.Qc2 Ng4 19.Bf4 g6 20.Nb3 Ne5  1/2-1/2

[Event "HUN-chT"]
[Site "HUN"]
[Date "1992.??.??"]
[Round "?"]
[White "Rigo, Janos"]
[Black "Pogats, Jozsef"]
[Result "1-0"]
[WhiteElo "2385"]
[BlackElo "2290"]

1.e4 c5 2.Nf3 e6 3.d4 cxd4 4.Nxd4 a6 5.Bd3 g6 6.Be3 Bg7 7.Nd2 Ne7 8.c3 O-O
9.O-O d6 10.a4 b6 11.Qb3 Nd7 12.Qa3 Nc5 13.Bc2 e5 14.N4f3 Bb7 15.b4 Nd7 16.Rfd1 Qc7
17.Rac1 h6 18.Bb3 d5 19.a5 b5 20.exd5 Nxd5 21.c4 Nxe3 22.fxe3 Qd8 23.c5 Rc8
24.Nf1 Qe7 25.Rd6 Kh7 26.Rcd1 Nb8 27.Bd5 Bxd5 28.R1xd5 e4 29.Nd4 Be5 30.Rb6 Bc7
31.Qb3 Bxb6 32.axb6 Nc6 33.Nxc6 Rxc6 34.Qd1 Rb8 35.Rd7 Qe6 36.Qd4 h5 37.Ng3 Re8
38.b7 h4 39.Nxe4 Qf5 40.Rxf7+  1-0

[Event "HUN-chT"]
[Site "HUN"]
[Date "1992.??.??"]
[Round "7"]
[White "Szalanczy, Emil"]
[Black "Pogats, Jozsef"]
[Result "1/2-1/2"]
[WhiteElo "2420"]
[BlackElo "2290"]

1.e4 c5 2.Nf3 e6 3.d4 cxd4 4.Nxd4 a6 5.Bd3 g6 6.O-O Bg7 7.Be3 Ne7 8.Nc3 O-O
9.a4 b6 10.a5 b5 11.Nb3 d6 12.Bb6 Qd7 13.Qg4 Bb7 14.Rfd1 Nbc6 15.Bf1 Ne5
16.Qh4 Nc8 17.Bd4 Qe7 18.Qg3 b4 19.Na2 Bxe4 20.Nxb4 Bb7 21.f4 Nd7 22.Bxg7 Kxg7
23.Qc3+ Nf6 24.Rd4 Na7 25.Rad1 Rfc8 26.Qd2 d5 27.c3 Ne4 28.Qe3 Nc6 29.Nxc6 Bxc6
30.Rb4 Rcb8 31.Rdd4 Bb5 32.Bxb5 axb5 33.Rd1 Qa7 34.Qd4+ Qxd4+ 35.Nxd4 Nd6
36.Ra1 Ra6 37.Kf2 h5 38.g3 Kf6 39.Rb3 Rba8 40.Nxb5 Ne4+ 41.Ke3 Rxa5 42.Rxa5 Rxa5  1/2-1/2

[Event "Iraklion op"]
[Site "Iraklion"]
[Date "1992.??.??"]
[Round "9"]
[White "Nikolaidis, Konstantinos"]
[Black "Conquest, Stuart"]
[Result "1-0"]
[WhiteElo "2230"]
[BlackElo "2505"]

1.e4 c5 2.Nf3 e6 3.d4 cxd4 4.Nxd4 a6 5.Bd3 Bc5 6.Nb3 Ba7 7.O-O Nc6 8.a4 Nf6
9.Nc3 d6 10.Qe2 O-O 11.Kh1 e5 12.Bg5 h6 13.Bxf6 Qxf6 14.Bc4 Be6 15.Rad1 Rad8
16.Nd5 Qg5 17.Rd3 Kh8 18.Rc3 Rc8 19.Rg3 Qh4 20.c3 Ne7 21.Nd2 Ng6 22.Bb3 Rc5
23.Qd3 Kh7 24.Nf3 Qd8 25.Nd2 Bd7 26.Ne3 Rc6 27.Nf5 Qf6 28.Bd5 Rc7 29.Qf3 Kh8
30.Nc4 Bxf5 31.exf5 Nh4 32.Qh5 e4 33.Rg4 Nxf5 34.Bxe4 g6 35.Qh3 Kg7 36.Bxf5 Qxf5
37.Nxd6 Qd3 38.Qxd3  1-0

[Event "ISR-ch"]
[Site "ISR"]
[Date "1992.??.??"]
[Round "7"]
[White "Maryasin, Boris"]
[Black "Avni, Amatzia"]
[Result "1-0"]
[WhiteElo "2395"]
[BlackElo "2370"]

1.e4 c5 2.Nf3 e6 3.d4 cxd4 4.Nxd4 a6 5.Bd3 Qc7 6.O-O Ne7 7.f4 Nbc6 8.Be3 d5
9.Nxc6 Nxc6 10.exd5 exd5 11.Re1 Be7 12.Nc3 d4 13.Nd5 Qd8 14.Nxe7 Nxe7 15.Bd2 O-O
16.Bb4 Nc6 17.Bxf8 Qxf8 18.Qh5 g6 19.Qg5 Bd7 20.Re2 Qd6 21.Rae1 Nb4 22.Bc4 Rc8
23.Bxf7+  1-0

[Event "Karvina op"]
[Site "Karvina"]
[Date "1992.??.??"]
[Round "4"]
[White "Korneev, Oleg"]
[Black "Langner, Ladislav"]
[Result "1-0"]
[WhiteElo "2475"]
[BlackElo "2345"]

1.e4 c5 2.Nf3 e6 3.d4 cxd4 4.Nxd4 a6 5.Bd3 Nc6 6.Nxc6 dxc6 7.O-O e5 8.Nd2 Nf6
9.Nc4 Bg4 10.Qe1 Nd7 11.f4 Be6 12.Kh1 Bc5 13.Qg3 Qf6 14.fxe5 Qg6 15.Qf4 Bxc4
16.Bxc4 O-O 17.Bd2 Rae8 18.Bc3 b5 19.Bb3 Be7 20.e6 fxe6 21.Qc7 Nc5 22.Qxc6 Nxe4
23.Qxe6+ Qxe6 24.Bxe6+ Kh8 25.Bd4 Bf6 26.Bxf6 Rxf6 27.Bd5 Nf2+ 28.Kg1 Ng4
29.Rfe1 Rd8 30.Bf3 h5 31.Rad1 Rc8 32.c3 Rb6 33.Rd5 g6 34.a3 a5 35.Bxg4 hxg4
36.Re4 b4 37.axb4 axb4 38.Rxb4 Rxb4 39.cxb4 Rc1+ 40.Kf2  1-0